LDR 01048naa#a2200181#i#450# 001 RU\\bibl\73702 005 20260516105057.6 011 ## _a2312-7937 100 ## _a20231229b2023####ek#y0rusy0150####ca 102 ## _aRU 200 1# _aАКТУАЛЬНЫЕ ПРАВОВЫЕ ВОПРОСЫ, ВОЗНИКАЮЩИЕ В ПРОЦЕССЕ ОБУЧЕНИЯ СОТРУДНИКОВ ОРГАНОВ ВНУТРЕННИХ ДЕЛ ПРИМЕНЕНИЮ ОГНЕСТРЕЛЬНОГО ОРУЖИЯ _eЖурнальная статья 210 1# _aДомодедово _cВсероссийский институт повышения квалификации сотрудников Министерства внутренних дел Российской Федерации _d2023 215 ## _a5 с. 608 ## _aЖурнальная статья _2local 700 #1 _aКРЫЖАНОВСКИЙ _gЮрий СТЕПАНОВИЧ 700 #1 _aКан _gЛаврентий Васильевич 700 #1 _aАбдрахманова _gАлсу Рамазановна 856 4# _avipkmvd.editorum.ru _u